00000000cas 2200000zi 4500
0019.939435
003CaOODSP
00520260511132512
006m     o  d f      
007cr cn ||||||||
008240617d20242024oncar p o    f0###a0eng|d
022 |a2818-4009
040 |aCaOODSP|beng|erda|cCaOODSP
043 |an-cn---
0861 |aDG2-14E-PDF
1101 |aCanada. |bMilitary Grievances External Review Committee, |eauthor, |eissuing body.
222 0|aForced labour in Canadian supply chains annual report |b(Canada. Military Grievances External Review Committee)
24510|aForced labour in Canadian supply chains annual report.
264 1|aOttawa, Ontario : |bMilitary Grievances External Review Committee = Comité externe d'examen des griefs militaires, |c[2024-2024]
310 |aAnnual
336 |atext|btxt|2rdacontent
337 |acomputer|bc|2rdamedia
338 |aonline resource|bcr|2rdacarrier
3621 |aBegan with: 2023/2024; ceased with 2023/2024.
500 |aIssued also in French under title: Travail forcé dans les chaînes d'approvisionnement canadiennes, rapport annuel.
588 |aDescription based on: 2023/2024.
588 |aLatest issue consulted: 2023/2024
61010|aCanada. |bMilitary Grievances External Review Committee|vPeriodicals.
61010|aCanada. |tFighting Against Forced Labour and Child Labour in Supply Chains Act |vPeriodicals.
650 0|aForced labor|zCanada|xPrevention|vPeriodicals.
650 0|aChild labor|zCanada|xPrevention|vPeriodicals.
655 7|aPeriodicals|2lcgft
77508|tTravail forcé dans les chaînes d'approvisionnement canadiennes, rapport annuel.|w(CaOODSP)9.939437
78500|tMilitary Grievances External Review Committee ... annual report under the Fighting Against Forced Labour and Child Labour in Supply Chains Act.|w(CaOODSP)9.962710